| 000 | 01706cam a22004814i 4500 | ||
|---|---|---|---|
| 003 | PE-LiUPU | ||
| 005 | 20250731165556.0 | ||
| 008 | 150625s r 000 0 d | ||
| 020 | _a8448127617 | ||
| 035 | _a(Sirsi) i9788448127619 | ||
| 040 |
_aPE-LiUPU _bspa _cPE-LiUPU _erda |
||
| 049 | _aPRUA | ||
| 082 | 0 | 4 |
_a574.503 _bA68 _221 |
| 100 | 1 |
_aArenas Muñoz, José Antonio, _eautor. |
|
| 245 | 1 | 0 |
_aDiccionario técnico y jurídico del medio ambiente / _cJosé Antonio Arenas Muñoz. |
| 264 | 1 |
_aMadrid : _bMcGraw-Hill/Interamericana, _c2000. |
|
| 300 |
_a983 páginas ; _c24centímetros |
||
| 336 |
_atext _2rdacontent |
||
| 337 |
_aunmediated _2rdamedia |
||
| 338 |
_avolume _2rdacarrier |
||
| 505 | 0 | _aDiccionario (A-Z). | |
| 526 | _aSEG44 | ||
| 526 | _aSEG26 | ||
| 526 | _aP151 | ||
| 526 | _aP150 | ||
| 526 | _aP149 | ||
| 526 | _aP146 | ||
| 526 | _aP145 | ||
| 526 | _aP126 | ||
| 526 | _aP125 | ||
| 526 | _aP92 | ||
| 526 | _aP75 | ||
| 526 | _aP74 | ||
| 526 | _aP27 | ||
| 526 | _aP15 | ||
| 541 | _g001-022575; | ||
| 650 | 0 | 4 |
_aMedio ambiente _vDiccionarios _xAspectos técnicos y jurídicos. |
| 942 |
_2ddc _cBOOK |
||
| 949 |
_aRC 574.503 A68 _wDEWEY _c1 _i55578 _lCCODEBUL1 _mBUL _p42.00 _r0 _sY _tBOOK _u2015-6-25 _xEDUCACION _PP24 _0COMPRA _o.CIRCNOTE. No olvidar cambiar la fecha de devolución!!!!!!! _o.STAFF. Colección General |
||
| 994 |
_aC0 _bPEPRU |
||
| 596 | _a1 | ||
| 999 |
_aRC 574.503 A68 _wDEWEY _c44449 _i55578 _f2021-11-8 _g5 _lRCG _mBUL _p42.00 _r1 _sN _tBOOK _u2015-6-25 _xBIBLIOTECA _PP24 _0COMPRA _o.CIRCNOTE. No olvidar cambiar la fecha de devolución!!!!!!! _o.STAFF. Colección General _d44449 |
||
| 980 |
_81 _gALBERTO SANCHEZ Responsable de Automatización |
||